Small Wonder (Record no. 354454)

MARC details
000 -LEADER
fixed length control field 00389nam a2200145Ia 4500
008 - FIXED-LENGTH DATA ELEMENTS--GENERAL INFORMATION
fixed length control field 230719s9999 xx 000 0 und d
041 ## - LANGUAGE CODE
Language code of text/sound track or separate title eng
082 ## - DEWEY DECIMAL CLASSIFICATION NUMBER
Classification number 629.234
Item number CHA
100 ## - MAIN ENTRY--PERSONAL NAME
Personal name Chacko P.
9 (RLIN) 115961
245 ## - TITLE STATEMENT
Title Small Wonder
Remainder of title The Making Of The Nano
260 ## - PUBLICATION, DISTRIBUTION, ETC. (IMPRINT)
Date of publication, distribution, etc. 2010
Name of publisher, distributor, etc. Westland Ltd.
300 ## - PHYSICAL DESCRIPTION
Extent 149
365 ## - TRADE PRICE
Currency code Rs.
Price amount 148.00
700 ## - ADDED ENTRY--PERSONAL NAME
Personal name Chacko P.; Noronha C. & Agrawal S.
9 (RLIN) 191841
Holdings
Withdrawn status Lost status Damaged status Not for loan Home library Current library Shelving location Date acquired Vendor Cost, normal purchase price Full call number Barcode Date last seen Cost, replacement price Bill Date Koha item type Original Barcode
        Cummins College of Engineering for Women Pune Cummins College of Engineering for Women Pune Donated Book 04/09/2017 Masurkar Enterprises 148.00 629.234 CCEP-DB-659 19/07/2023 148.00 19/07/2023 Books D00659